000
00275nam a2200145Ia 4500
100
_a
VAsilyev/M
942
_c
BK
654
_a
Metals
245
_a
Metals & man
260
_b
Mir Publishers
082
_a
546.3
_b
VAS
300
_a
284
546
_a
ENGLISH
999
_c
20595
_d
20595